000
00221nam a22001097a 4500
003
SGT
100
_a
MITTAL, NEMISHRAN
245
_a
DRUGS MAFIA
260
_a
DELHI
_b
PKMAHAL PUB.
_c
1991
300
_a
320
942
_2
ddc
_c
BK
999
_c
20872
_d
20872